000 00949nam a22002777a 4500
001 8807
003 FISKH
005 20251021145737.0
008 251021b cb ||||| |||| 00| 0 eng d
020 _a9780194234207
040 _aFISKH
_beng
_cFISKH
_dFISKH
050 _aPE1126.A4 B57
082 _a428.6
100 _aBorder, Rosemary
_eAuthor
245 _aDrive into danger /
_cIllustrated by Simon Gurr
260 _aGreat Clarendon Street :
_bOxford University ,
_c2000
300 _a40 pages :
_bcolor illustrations ;
_c20 cm
505 _aG
520 _a'I can drive a truck,' says Kim on her first day at work in the office. When Kim's passenger Andy finds something strange under the truck things get dangerous - very dangerous.
521 8 _a420
_bLexile
521 8 _aG
_bRaz-Plus
650 _aEnglish activities
_vEnglish language
700 _aGurr, Simon
_eIllustrator
942 _2ddc
_cBK
_n0
999 _c8807
_d8807